000 00834nmm a2200253 a 4500
001 ocm000702642
003 TR-IsHL
005 20201028154521.0
008 131203s1986 tu tur
007 cr cn
035 _a702642
_b(N$T)
050 0 4 _aHB172
_b.T87 1986
090 0 4 _aHB172
_b.T87 1986
100 1 _aTürkay, Orhan
245 1 0 _aMikroiktisat teorisi cilt 1
_h[electronic resource] /
_cOrhan Türkay
260 _aAnkara :
_bAnkara Üniversitesi Siyasal Bilgiler Fakültesi,
_c1986
300 _a264 p.
650 4 _aEkonomi ve Finans
650 4 _aEconomics and Finance
650 0 _aMikroekonomi
650 0 _aMicroeconomics
650 7 _aBUSINESS & ECONOMICS / Economics / Microeconomics
_2bisacsh
856 4 0 _uhttp://search.ebscohost.com/login.aspx?direct=true&scope=site&db=e011xww&AN=702642
999 _c12616
_d12616